Taylor Swift You're Losing Me Lyrics - Statistics

General Stats
  • This quiz has been taken 26 times
  • The average score is 342 of 389
Answer Stats
Answer % Correct
a
100%
an
100%
and
100%
do
100%
her
100%
i
100%
i'm
100%
it
100%
losing
100%
me
100%
now
100%
say
100%
stop
100%
to
100%
who
100%
would
100%
you
100%
your
100%
you're
100%
anymore
92%
at
92%
can
92%
can't
92%
cause
92%
don't
92%
find
92%
heart
92%
in
92%
know
92%
light
92%
love
92%
loved
92%
my
92%
of
92%
only
92%
pulse
92%
room
92%
start
92%
that
92%
the
92%
this
92%
understand
92%
we
92%
won't
92%
all
85%
as
85%
ashes
85%
dark
85%
down
85%
dyin'
85%
either
85%
every
85%
eyes
85%
fear
85%
for
85%
from
85%
glared
85%
how
85%
is
85%
it's
85%
just
85%
marry
85%
morning
85%
phoenix
85%
pleaser
85%
see
85%
sit
85%
someone
85%
tell
85%
thought
85%
through
85%
time
85%
with
85%
wonder
85%
wouldn't
85%
always
77%
be
77%
blow
77%
built
77%
but
77%
come
77%
everything
77%
final
77%
got
77%
if
77%
keep
77%
looking
77%
or
77%
out
77%
pathological
77%
people
77%
remember
77%
sent
77%
signals
77%
storms
77%
thing
77%
throw
77%
too
77%
wanted
77%
were
77%
what
77%
you've
77%
admit
69%
army
69%
babe
69%
back
69%
best
69%
bit
69%
bravest
69%
bring
69%
could
69%
cure
69%
dealt
69%
even
69%
fighting
69%
gashes
69%
gave
69%
getting
69%
gone
69%
have
69%
indecision
69%
long
69%
lose
69%
mending
69%
might
69%
nails
69%
party
69%
quick
69%
rising
69%
sad
69%
sick
69%
soldier
69%
something
69%
song
69%
tired
69%
tried
69%
until
69%
was
69%
bleed
62%
choose
62%
choosing
62%
did
62%
empathy
62%
endless
62%
face
62%
fading
62%
far
62%
front
62%
grey
62%
hallway
62%
ignore
62%
life
62%
lines
62%
loss
62%
me's
62%
nothing
62%
risk
62%
running
62%
thinking
62%
til
62%
unless
62%
air
54%
believe
54%
imposition
54%
pain
54%
such
54%
they
54%
thick
54%
No matching quizzes found
Score Distribution
Percent of People with Each Score
Percentile by Number Answered
Your Score History
You have not taken this quiz